Loading...

റഫീഖ് അഹമ്മദിന്റെ കവിതകൾ /

Bibliographic Details
Main Author: Rafeeque Ahammed
Format: Printed Book
Published: Kozhikode: Mathrubhumi Books, 2014.
LEADER 01053nam a22001817a 4500
008 150427b xxu||||| |||| 00| 0 8ng d
020 |a 9788182660977 
100 |a Rafeeque Ahammed 
245 |a റഫീഖ് അഹമ്മദിന്റെ കവിതകൾ /  |c Rafeeque Ahammed 
246 |a Rafeeque Ahammedinte kavithakal 
246 |a Rafeeque Ahammedinte kavithakal 
260 |a Kozhikode:  |b Mathrubhumi Books,  |c 2014. 
300 |b 373p. 
942 |c BK 
999 |c 232899  |d 232899 
952 |0 0  |1 0  |4 0  |6 851_000000000000000_87R4_RAF  |7 0  |9 258080  |a MAL  |b MAL  |c ST1  |d 2015-04-27  |e The Bookshop,Publication Division,University of Calicut.Bill No:4223 Date:9/03/2015  |g 300.00  |l 5  |m 1  |o 851.87R4 RAF  |p MAL35406  |r 2020-10-15  |s 2020-03-05  |w 2018-08-20  |y BK 
952 |0 0  |1 0  |4 0  |6 851_000000000000000_87R4_RAF  |7 0  |9 258081  |a MAL  |b MAL  |c ST1  |d 2016-06-15  |g 300.00  |l 8  |m 1  |o 851.87R4 RAF  |p MAL38104  |r 2019-11-25  |s 2019-09-23  |w 2016-06-15  |y BK 
952 |0 0  |1 0  |4 0  |6 R_851_000000000000000_87R4_RAF  |7 0  |9 261456  |a MAL  |b MAL  |c ST1  |d 2017-03-27  |g 350.00  |l 0  |o R 851.87R4 RAF  |p MAL39199  |r 2017-03-27  |w 2017-03-27  |y BK